Nezabudli ste počúvať?

Komunikácia kreatívcov s klientmi. Príležitosť presne pochopiť ich potreby, túžby a predstavy. Uplatnenie rozsiahlych skúseností a pozorovacieho talentu. Počúvanie a sledovanie okolia, schopnosť rozpoznať a navrhnúť vhodné riešenie.

Saved in:
Bibliographic Details
Main Author: Škutková, Jana
Format: Book Chapter
Language:Slovak
Subjects:
Tags: Add Tag
No Tags, Be the first to tag this record!

MARC

LEADER 00000naa a2200000 4500
001 0258697
005 20191003093346.4
041 0 |a slo 
044 |a SK 
245 1 0 |a Nezabudli ste počúvať?  |c Jana Škutková 
520 |a Komunikácia kreatívcov s klientmi. Príležitosť presne pochopiť ich potreby, túžby a predstavy. Uplatnenie rozsiahlych skúseností a pozorovacieho talentu. Počúvanie a sledovanie okolia, schopnosť rozpoznať a navrhnúť vhodné riešenie. 
610 2 0 |a komunikácia marketingová 
610 2 0 |a komunikácia interpersonálna 
610 2 0 |a zákazníci 
610 2 0 |a spokojnosť zákazníkov 
610 2 0 |a dopyt spotrebiteľský 
100 1 |a Škutková, Jana